Loading...
| Science - Physics | 0 | 5 | 0 | 1 | 50 | 89 | 109.20 | 0 | 5 | 0.00 | 0.00 |
| Mythology | 0 | 4 | 0 | 1 | 40 | 100 | 117.25 | 2 | 3 | 0.00 | 0.00 |
| Science - Other | 0 | 4 | 0 | 1 | 40 | 74 | 107.50 | 1 | 4 | 0.00 | 0.00 |
| Religion | 0 | 4 | 1 | 2 | 35 | 78 | 112.25 | 0 | 4 | 0.00 | 0.00 |
| Science - Biology | 0 | 3 | 0 | 1 | 30 | 100 | 109.00 | 1 | 3 | 0.00 | 0.00 |
| History - Other | 0 | 3 | 0 | 1 | 30 | 86 | 115.67 | 0 | 2 | 0.00 | 0.00 |
| Fine Arts - Other | 0 | 2 | 0 | 0 | 20 | 38 | 64.00 | 1 | 2 | 0.00 | 0.00 |
| Philosophy | 0 | 2 | 0 | 0 | 20 | 114 | 119.50 | 0 | 1 | 0.00 | 0.00 |
| Pop Culture | 0 | 2 | 0 | 0 | 20 | 34 | 44.00 | 2 | 2 | 0.00 | 0.00 |
| Literature - World | 0 | 1 | 0 | 0 | 10 | 133 | 133.00 | 0 | 0 | 0.00 | 0.00 |
| Fine Arts - Painting and Sculpture | 0 | 1 | 0 | 0 | 10 | 105 | 105.00 | 0 | 1 | 0.00 | 0.00 |
| History - World | 0 | 1 | 0 | 0 | 10 | 95 | 95.00 | 0 | 1 | 0.00 | 0.00 |
| History - European | 0 | 1 | 0 | 0 | 10 | 50 | 50.00 | 0 | 1 | 0.00 | 0.00 |
| Science - Chemistry | 0 | 1 | 0 | 0 | 10 | 120 | 120.00 | 0 | 1 | 0.00 | 0.00 |
| Literature - British | 0 | 1 | 0 | 1 | 10 | 124 | 124.00 | 0 | 1 | 0.00 | 0.00 |
| Other Academic | 0 | 1 | 1 | 0 | 5 | 97 | 97.00 | 0 | 1 | 0.00 | 0.00 |
| History - American | 0 | 1 | 1 | 0 | 5 | 105 | 105.00 | 0 | 1 | 0.00 | 0.00 |
| Literature - American | 0 | 0 | 0 | 0 | 0 | 0.00 | 0 | 0 | 0.00 | 0.00 | |
| Literature - European | 0 | 0 | 0 | 0 | 0 | 0.00 | 0 | 0 | 0.00 | 0.00 | |
| Social Science | 0 | 0 | 2 | 0 | -10 | 0.00 | 0 | 0 | 0.00 | 0.00 |